[Event "CRO-chT2 South"]
[Site "Croatia"]
[Date "2014.04.26"]
[Round "2.5"]
[White "Susovic, Hrvoje"]
[Black "Saric, Kristina"]
[Result "1/2-1/2"]
[WhiteElo "2007"]
[BlackElo "2168"]
[PlyCount "91"]
[EventDate "2014.04.25"]
[EventType "team-tourn"]
[EventRounds "9"]
[EventCountry "CRO"]
[SourceTitle "EXT 2019"]
[Source "ChessBase"]
[SourceDate "2018.10.10"]
[SourceVersion "1"]
[SourceVersionDate "2018.10.10"]
[SourceQuality "1"]

1. e4 c5 2. Nf3 d6 3. d4 cxd4 4. Nxd4 Nf6 5. Nc3 Nc6 6. Nb3 e6 7. Be2 Be7 8. 0-0 0-0 9. Kh1 a6 10. f4 Qc7 11. Be3 b5 12. Bf3 Bb7 13. a3 Rac8 14. Qe2 Nd7 15. Qf2 Bf6 16. Rad1 b4 17. axb4 Nxb4 18. Bd4 a5 19. Rd2 Ba6 20. Rfd1 e5 21. Be3 Be7 22. Bg4 exf4 23. Bxf4 a4 24. Nc1 Rcd8 25. Bxd6 Bxd6 26. Rxd6 Ne5 27. Rxd8 Rxd8 28. Bf3 Rxd1+ 29. Bxd1 a3 30. bxa3 Qxc3 31. axb4 Qxb4 32. Bf3 h6 33. Nb3 Bc4 34. Qd2 Qb8 35. Qc3 Be6 36. h3 f6 37. Be2 Bd7 38. Nd4 Qb7 39. Bd3 Qb1+ 40. Kh2 Qb8 41. Kg1 Qb1+ 42. Kf2 Qb6 43. Kf1 Qb1+ 44. Qe1 Qb8 45. Nf5 Kh7 46. Qe3 1/2-1/2

[Event "Splitsko Dalmatinske-ch"]
[Site "Split"]
[Date "2014.03.14"]
[Round "7"]
[White "Susovic, Hrvoje"]
[Black "Tomas, Ante"]
[Result "1/2-1/2"]
[WhiteElo "1983"]
[BlackElo "1915"]
[PlyCount "36"]
[EventDate "2014.03.08"]
[EventType "swiss"]
[EventRounds "9"]
[EventCountry "CRO"]
[SourceTitle "CBM 159 Extra"]
[Source "ChessBase"]
[SourceDate "2014.04.24"]
[SourceVersion "1"]
[SourceVersionDate "2014.04.24"]
[SourceQuality "1"]

1. e4 c5 2. Nf3 e6 3. Nc3 Nc6 4. d4 cxd4 5. Nxd4 Nf6 6. Nxc6 bxc6 7. e5 Nd5 8. Ne4 Qc7 9. f4 Qb6 10. Qd3 Be7 11. c4 f5 12. exf6 Nxf6 13. Nd6+ Bxd6 14. Qxd6 Ne4 15. Qa3 Qf2+ 16. Kd1 Qd4+ 17. Ke1 Qf2+ 18. Kd1 Qd4+ 1/2-1/2

[Event "Split Zupanije-ch"]
[Site "Split"]
[Date "2013.03.20"]
[Round "5"]
[White "Klaric, Miro"]
[Black "Susovic, Hrvoje"]
[Result "1-0"]
[WhiteElo "1891"]
[BlackElo "1953"]
[PlyCount "47"]
[EventDate "2013.03.16"]
[EventType "swiss"]
[EventRounds "9"]
[EventCountry "CRO"]
[SourceTitle "CBM 153 Extra"]
[Source "ChessBase"]
[SourceDate "2013.04.22"]
[SourceVersion "1"]
[SourceVersionDate "2013.04.22"]
[SourceQuality "1"]

1. e4 e5 2. Nf3 Nc6 3. Bc4 Nf6 4. d3 h6 5. Nc3 d6 6. h3 Be7 7. a3 0-0 8. Be3 Re8 9. 0-0 Bf8 10. Nd2 Be6 11. f4 exf4 12. Bxf4 Ne5 13. Bb3 Qd7 14. d4 Bxb3 15. Nxb3 Ng6 16. Qd3 Nxf4 17. Rxf4 Be7 18. Raf1 Rf8 19. Qf3 c6 20. d5 cxd5 21. exd5 Rae8 22. Nd4 Bd8 23. Nf5 Nh7 24. Qg4 1-0

[Event "Split SDZ op"]
[Site "Split"]
[Date "2012.03.24"]
[Round "8"]
[White "Susovic, Hrvoje"]
[Black "Tomas, Ante"]
[Result "0-1"]
[WhiteElo "1976"]
[BlackElo "1741"]
[PlyCount "108"]
[EventDate "2012.03.17"]
[EventType "swiss"]
[EventRounds "9"]
[EventCountry "CRO"]
[SourceTitle "EXT 2013"]
[Source "ChessBase"]
[SourceDate "2012.11.22"]
[SourceVersion "1"]
[SourceVersionDate "2012.11.22"]
[SourceQuality "1"]

1. e4 c5 2. Nf3 e6 3. Nc3 Nc6 4. d4 cxd4 5. Nxd4 Nf6 6. Nxc6 bxc6 7. e5 Nd5 8. Ne4 Qc7 9. f4 c5 10. c4 Nb4 11. a3 Qb7 12. Nc3 Nc6 13. Nb5 a6 14. Nc3 Qc7 15. Ne4 Bb7 16. Bd3 d6 17. exd6 Bxd6 18. Nxd6+ Qxd6 19. Be3 Nd4 20. 0-0 0-0 21. Qd2 Rfd8 22. Rad1 Bc6 23. Qf2 g6 24. Bc2 Qb8 25. Bb1 Qb3 26. Bxd4 Rxd4 27. Rxd4 cxd4 28. Qxd4 Rb8 29. Rf2 Rb7 30. Bc2 Qxb2 31. Qxb2 Rxb2 32. Rd2 Kf8 33. Rd6 Bxg2 34. Ba4 Bb7 35. c5 Bd5 36. c6 Ke7 37. Rd7+ Kf6 38. c7 Bb7 39. Bc6 Bc8 40. Rd8 Rc2 41. Bd7 Bxd7 42. Rxd7 h6 43. h4 a5 44. Kf1 e5 45. Rd6+ Kf5 46. fxe5 Kxe5 47. Ra6 Kf4 48. Rxa5 Rxc7 49. Kg2 Kg4 50. Ra4+ Kh5 51. Kf2 Rc3 52. Kg2 g5 53. hxg5 hxg5 54. Ra7 f5 0-1

[Event "Split SDZ op"]
[Site "Split"]
[Date "2012.03.23"]
[Round "7"]
[White "Zaja, Stjepan"]
[Black "Susovic, Hrvoje"]
[Result "0-1"]
[WhiteElo "1799"]
[BlackElo "1976"]
[PlyCount "77"]
[EventDate "2012.03.17"]
[EventType "swiss"]
[EventRounds "9"]
[EventCountry "CRO"]
[SourceTitle "EXT 2013"]
[Source "ChessBase"]
[SourceDate "2012.11.22"]
[SourceVersion "1"]
[SourceVersionDate "2012.11.22"]
[SourceQuality "1"]

1. e4 e5 2. Nf3 Nc6 3. Bc4 Nf6 4. d3 d5 5. exd5 Nxd5 6. Ng5 f6 7. Ne4 Nb6 8. Bb3 Na5 9. 0-0 Nxb3 10. axb3 Be7 11. Qh5+ g6 12. Qh6 Bf8 13. Qh4 Bg7 14. Nbc3 Be6 15. f4 exf4 16. Qxf4 0-0 17. Nc5 Bc8 18. Qf3 c6 19. Be3 Rf7 20. N3e4 Nd5 21. Bg5 Qf8 22. Bh4 f5 23. c4 Nb6 24. Ng5 Qxc5+ 25. Bf2 Bd4 26. Nxf7 Bxf2+ 27. Rxf2 Kxf7 28. Qf4 Be6 29. d4 Qf8 30. Re2 Bd7 31. Rae1 Re8 32. Rxe8 Bxe8 33. Qc7+ Bd7 34. c5 Qc8 35. Qg3 Nd5 36. Re5 Qh8 37. Qe1 Nf4 38. Qe3 g5 39. g3 0-1

[Event "Split op 1st"]
[Site "Split"]
[Date "2011.08.07"]
[Round "3"]
[White "Kuljasevic, Davorin"]
[Black "Susovic, Hrvoje"]
[Result "1-0"]
[WhiteElo "2555"]
[BlackElo "2026"]
[PlyCount "110"]
[EventDate "2011.08.05"]
[EventType "swiss"]
[EventRounds "9"]
[EventCountry "CRO"]
[SourceTitle "CBM 143 Extra"]
[Source "ChessBase"]
[SourceDate "2011.08.29"]
[SourceVersion "1"]
[SourceVersionDate "2011.08.29"]
[SourceQuality "1"]

1. d4 Nf6 2. Nf3 g6 3. c4 Bg7 4. g3 0-0 5. Bg2 c5 6. 0-0 cxd4 7. Nxd4 Nc6 8. Nc3 Nxd4 9. Qxd4 e6 10. Qd6 Ne8 11. Qd3 a6 12. Be3 d6 13. Rab1 Qc7 14. Na4 Bd7 15. Nb6 Rd8 16. Nxd7 Rxd7 17. b4 Nf6 18. Rbc1 Qb8 19. Bf4 Nh5 20. Bg5 h6 21. Bd2 Nf6 22. e4 Rc8 23. Bf4 Ng4 24. Qe2 Ne5 25. Rc2 Nc6 26. Qd2 Nd4 27. Rcc1 e5 28. Be3 Rdc7 29. Bxd4 exd4 30. Bh3 Re8 31. Qd3 Rce7 32. Bg2 b6 33. Rc2 Qc8 34. h4 h5 35. Rfc1 f5 36. Re1 Rc7 37. Rce2 Rce7 38. Rc1 Qd7 39. Rce1 f4 40. gxf4 Qg4 41. e5 dxe5 42. Re4 Qxh4 43. fxe5 Qg5 44. f4 Qf5 45. Bh3 Qf8 46. Rxd4 g5 47. Qg6 gxf4 48. Bf5 Qf7 49. Qh7+ Kf8 50. Bg6 Bxe5 51. Bxf7 Rxf7 52. Qh6+ Rg7+ 53. Kf1 Bxd4 54. Qh8+ Kf7 55. Qxe8+ Kf6 1-0

[Event "Split op 4th"]
[Site "Split"]
[Date "2010.05.07"]
[Round "8"]
[White "Dzaja, Martin Zorislav"]
[Black "Susovic, Hrvoje"]
[Result "0-1"]
[WhiteElo "1681"]
[BlackElo "2003"]
[PlyCount "80"]
[EventDate "2010.04.30"]
[EventType "swiss"]
[EventRounds "9"]
[EventCountry "CRO"]
[SourceTitle "EXT 2011"]
[Source "ChessBase"]
[SourceDate "2010.11.26"]
[SourceVersion "1"]
[SourceVersionDate "2010.11.26"]
[SourceQuality "1"]

1. e4 e5 2. Nf3 Nc6 3. Bb5 a6 4. Ba4 Nf6 5. 0-0 Be7 6. Re1 d6 7. c3 Bg4 8. d3 Nd7 9. h3 Bh5 10. b4 0-0 11. g4 Bg6 12. Be3 Qc8 13. Nbd2 Nd8 14. Nf1 Ne6 15. Ng3 Kh8 16. Qd2 Re8 17. Nf5 Bf8 18. h4 f6 19. Kg2 Bf7 20. Rh1 Nd8 21. Bb3 Be6 22. Bxe6 Nxe6 23. g5 Qd8 24. h5 fxg5 25. Bxg5 Nxg5 26. Nxg5 Qf6 27. Rag1 d5 28. Kf1 c5 29. h6 g6 30. Ng7 Re7 31. exd5 cxb4 32. c4 Nc5 33. Rg3 e4 34. dxe4 Nxe4 35. Nxe4 Rxe4 36. Re3 Rxc4 37. Rhh3 Rac8 38. Rhf3 Rc1+ 39. Ke2 Qa1 40. Ne6 Bxh6 0-1

[Event "Split op 4th"]
[Site "Split"]
[Date "2010.05.04"]
[Round "5"]
[White "Susovic, Hrvoje"]
[Black "Klaric, Ante1111"]
[Result "0-1"]
[WhiteElo "2003"]
[BlackElo "1717"]
[PlyCount "78"]
[EventDate "2010.04.30"]
[EventType "swiss"]
[EventRounds "9"]
[EventCountry "CRO"]
[SourceTitle "EXT 2011"]
[Source "ChessBase"]
[SourceDate "2010.11.26"]
[SourceVersion "1"]
[SourceVersionDate "2010.11.26"]
[SourceQuality "1"]

1. e4 e6 2. Nc3 b6 3. d4 d5 4. Nf3 Bb4 5. Bd3 Nf6 6. exd5 Nxd5 7. Bd2 Bb7 8. a3 Nxc3 9. bxc3 Be7 10. 0-0 Nd7 11. Re1 c5 12. Qe2 0-0 13. Qe3 Bf6 14. Ng5 Bxg5 15. Qxg5 Qxg5 16. Bxg5 a6 17. Rab1 b5 18. f3 Rac8 19. c4 cxd4 20. cxb5 axb5 21. Bxb5 Bc6 22. Bd3 f6 23. Bd2 Ne5 24. Ba6 Ra8 25. Rb6 Bd5 26. Bb4 Rf7 27. Rb1 Rfa7 28. Bf1 Kf7 29. f4 Nd7 30. Rd6 Rc8 31. Bb5 Nc5 32. h3 Ne4 33. Bd3 Nxd6 34. Bxd6 Rb7 35. Rd1 Rb6 36. Bb4 g6 37. g4 e5 38. fxe5 fxe5 39. Re1 Ke6 0-1

[Event "Split op 3rd"]
[Site "Split"]
[Date "2009.03.04"]
[Round "5"]
[White "Susovic, Hrvoje"]
[Black "Bozanic, Ivica"]
[Result "0-1"]
[WhiteElo "1988"]
[BlackElo "2270"]
[PlyCount "164"]
[EventDate "2009.02.28"]
[EventType "swiss"]
[EventRounds "9"]
[EventCountry "CRO"]
[SourceTitle "CBM 129 Extra"]
[Source "ChessBase"]
[SourceDate "2009.05.05"]
[SourceVersion "2"]
[SourceVersionDate "2009.05.20"]
[SourceQuality "1"]

1. e4 Nf6 2. e5 Nd5 3. d4 d6 4. c4 Nb6 5. exd6 cxd6 6. Nf3 g6 7. Nc3 Bg7 8. Be2 0-0 9. 0-0 Bg4 10. Be3 Nc6 11. b3 e5 12. dxe5 dxe5 13. Qxd8 Rfxd8 14. Rad1 Nd7 15. h3 Bf5 16. g4 Be6 17. Ng5 Nf8 18. Nxe6 Nxe6 19. Bf3 Ned4 20. Bd5 Rd7 21. Kg2 Nb4 22. Be4 Rad8 23. f3 a6 24. Bg5 f6 25. Bh4 Ne6 26. Bg3 Bh6 27. Rxd7 Rxd7 28. Rd1 Rxd1 29. Nxd1 Nc5 30. Bb1 Kf7 31. Be1 Nbd3 32. Ba5 Ke6 33. Kf1 Nf4 34. Nf2 Bf8 35. b4 Nd7 36. b5 Bc5 37. Be4 axb5 38. cxb5 b6 39. Bd2 Bxf2 40. Kxf2 Nc5 41. Be3 Kd6 42. Bc2 Nxh3+ 43. Kg3 Ng5 44. f4 exf4+ 45. Bxf4+ Kd5 46. Bc7 Nge4+ 47. Kf3 Nd2+ 48. Ke2 Nc4 49. Bb3 Nxb3 50. axb3 Ne5 51. Bxb6 Nxg4 52. Bg1 h5 53. Kf3 Ne5+ 54. Kg3 Nd7 55. Kf4 Nc5 56. b6 Ne6+ 57. Ke3 Kc6 58. Kd3 Nf8 59. Bd4 Nd7 60. Ke3 h4 61. Kf4 Nxb6 62. Kg4 Nd7 63. Kxh4 Ne5 64. Bc3 Kd5 65. Kg3 Ke4 66. Ba5 f5 67. Bd8 f4+ 68. Kf2 Nd3+ 69. Kf1 Kf5 70. Be7 Ke6 71. Bg5 Kf5 72. Be7 Ne5 73. b4 Nc6 74. Bd6 g5 75. b5 Na5 76. b6 Nb7 77. Bc7 Ke4 78. Kf2 g4 79. Bb8 g3+ 80. Kg2 Ke3 81. Be5 Nc5 82. Bc7 f3+ 0-1

[Event "Split op 3rd"]
[Site "Split"]
[Date "2009.03.02"]
[Round "3"]
[White "Susovic, Hrvoje"]
[Black "Zaja, Stjepan"]
[Result "1-0"]
[WhiteElo "1988"]
[BlackElo "1813"]
[PlyCount "118"]
[EventDate "2009.02.28"]
[EventType "swiss"]
[EventRounds "9"]
[EventCountry "CRO"]
[SourceTitle "CBM 129 Extra"]
[Source "ChessBase"]
[SourceDate "2009.05.05"]
[SourceVersion "2"]
[SourceVersionDate "2009.05.20"]
[SourceQuality "1"]

1. e4 c5 2. Nf3 d6 3. c3 Nf6 4. Bb5+ Bd7 5. Qe2 a6 6. Bxd7+ Nbxd7 7. d4 e5 8. 0-0 Be7 9. Rd1 Qc7 10. Nbd2 0-0 11. Nf1 Rfc8 12. Ne3 Bf8 13. Nf5 cxd4 14. cxd4 Qc2 15. Nd2 g6 16. Ne3 Qc7 17. d5 Bh6 18. f3 Qb6 19. Ndf1 Rc7 20. Kh1 Rac8 21. b3 Qa7 22. Ba3 Ne8 23. Rac1 b5 24. Rxc7 Rxc7 25. Ng4 Bg5 26. g3 h5 27. Nf2 Bh6 28. Nd3 a5 29. f4 b4 30. Bc1 Qa6 31. Ne3 Nc5 32. Nc4 Nxd3 33. Qxd3 exf4 34. gxf4 Rd7 35. Be3 Nf6 36. Bd4 Bg7 37. Kg2 Rd8 38. Bxf6 Bxf6 39. e5 dxe5 40. fxe5 Bg7 41. Qf3 a4 42. Rd2 axb3 43. axb3 Bf8 44. Qe4 Kg7 45. Qf3 Bc5 46. d6 Rd7 47. Qf6+ Kh7 48. Qf3 Qa1 49. Rd1 Qa2+ 50. Kh1 Qc2 51. Qd3 Qa2 52. Rf1 Qa7 53. Nd2 Qb7+ 54. Qe4 Qa7 55. Qd5 Kg7 56. Ne4 Be3 57. e6 fxe6 58. Qe5+ Kh6 59. Qh8+ Rh7 1-0

[Event "Split op"]
[Site "Split"]
[Date "2008.05.01"]
[Round "5"]
[White "Sunara, Tomislav"]
[Black "Susovic, Hrvoje"]
[Result "0-1"]
[WhiteElo "1966"]
[BlackElo "1991"]
[PlyCount "162"]
[EventDate "2008.04.28"]
[EventType "swiss"]
[EventRounds "9"]
[EventCountry "CRO"]
[SourceTitle "EXT 2009"]
[Source "ChessBase"]
[SourceDate "2008.11.26"]
[SourceVersion "1"]
[SourceVersionDate "2008.11.26"]
[SourceQuality "1"]

1. e4 e5 2. Bc4 Nf6 3. Nc3 Nc6 4. d3 d6 5. Nge2 Be7 6. 0-0 Na5 7. Bb3 Nxb3 8. axb3 0-0 9. Be3 b6 10. Kh1 Ng4 11. Bd2 f5 12. f3 Nf6 13. exf5 Bxf5 14. Ng3 Bd7 15. Qe2 a5 16. Rfe1 Re8 17. Qf2 Bf8 18. Bg5 h6 19. Be3 c5 20. Qd2 d5 21. Bg1 Qc7 22. Nce2 Bc6 23. h3 Qf7 24. Bh2 Bd6 25. Nf5 Bc7 26. Ng1 Bd7 27. Ne3 Nh5 28. c4 Bc6 29. Ng4 e4 30. Bxc7 Qxc7 31. Ne2 exf3 32. gxf3 dxc4 33. Nh2 cxd3 34. Qxd3 Rad8 35. Qc4+ Bd5 36. Qc2 Re5 37. Rg1 Rde8 38. Nc3 Bc6 39. Qg6 R8e6 40. Qg4 Qf7 41. Raf1 Rg5 42. Qh4 Reg6 43. Rg4 Qc7 44. Rfg1 Rxg4 45. hxg4 Nf6 46. Qh3 Qf4 47. Ne2 Qe3 48. Rg2 Nh7 49. Ng1 Ng5 50. Qg3 Rf6 51. Re2 Qf4 52. Qxf4 Rxf4 53. Kg2 Rb4 54. Re3 a4 55. bxa4 Rxb2+ 56. Kg3 Rb4 57. Ne2 Rxa4 58. Nf4 b5 59. Ng6 Ra7 60. Ne7+ Rxe7 61. Rxe7 c4 62. Rc7 Be8 63. Nf1 Ne6 64. Rc8 Kf7 65. Ne3 Bd7 66. Rb8 Nd4 67. Nd5 Ke6 68. Nf4+ Kd6 69. Kf2 Bc6 70. Rd8+ Kc5 71. Ke3 Nxf3 72. Ne6+ Kb4 73. Rd6 Ne5 74. Kd4 Nf3+ 75. Ke3 Bb7 76. Nd8 Ba8 77. Ra6 Bd5 78. Rd6 c3 79. Rxd5 c2 80. Nc6+ Kc4 81. Ne7 c1Q+ 0-1

[Event "Stobrec Epetium op"]
[Site "Stobrec"]
[Date "2007.08.21"]
[Round "4"]
[White "Susovic, Hrvoje"]
[Black "Kraljevic, Roko"]
[Result "1-0"]
[WhiteElo "2027"]
[BlackElo "1739"]
[PlyCount "91"]
[EventDate "2007.08.18"]
[EventType "swiss"]
[EventRounds "7"]
[EventCountry "CRO"]
[SourceTitle "CBM 120 Extra"]
[Source "ChessBase"]
[SourceDate "2007.11.01"]
[SourceVersion "1"]
[SourceVersionDate "2007.11.01"]
[SourceQuality "1"]

1. e4 c5 2. Nf3 d6 3. c3 Bg4 4. Bc4 e6 5. d4 cxd4 6. cxd4 Nf6 7. Bg5 Qa5+ 8. Bd2 Qc7 9. Qa4+ Nbd7 10. Nc3 Be7 11. e5 Bxf3 12. exf6 Bc6 13. fxg7 Rg8 14. Nb5 Qc8 15. Qa5 b6 16. Qc3 a6 17. Na3 Rxg7 18. Bf1 Nf6 19. Rc1 Bb7 20. Qb3 Qd8 21. Nc4 b5 22. Na5 Bd5 23. Qa3 Qb6 24. Be3 Kd7 25. Qb4 Bd8 26. Nb3 Rb8 27. f3 Bxb3 28. Qxb3 Nd5 29. Bf2 Bg5 30. Rc2 Qa5+ 31. Kd1 Rc8 32. Be1 Ne3+ 33. Qxe3 Qxa2 34. f4 Qb1+ 35. Qc1 Qxc1+ 36. Rxc1 Rxc1+ 37. Kxc1 Bxf4+ 38. Kc2 Rg8 39. Bc3 Rc8 40. g3 Bg5 41. Kb3 d5 42. Bd3 h6 43. g4 f6 44. h4 Bf4 45. Rf1 e5 46. Bf5+ 1-0

[Event "Split MIC op"]
[Site "Split"]
[Date "2007.05.04"]
[Round "8"]
[White "Susovic, Hrvoje"]
[Black "Klaric, Ante"]
[Result "1-0"]
[WhiteElo "2058"]
[BlackElo "1659"]
[PlyCount "159"]
[EventDate "2007.04.28"]
[EventType "swiss"]
[EventRounds "9"]
[EventCountry "CRO"]
[SourceTitle "EXT 2008"]
[Source "ChessBase"]
[SourceDate "2007.11.25"]
[SourceVersion "1"]
[SourceVersionDate "2007.11.25"]
[SourceQuality "1"]

1. e4 e6 2. d4 d5 3. Nd2 Nf6 4. e5 Nfd7 5. Bd3 c5 6. c3 Nc6 7. Ne2 cxd4 8. cxd4 f6 9. f4 Be7 10. 0-0 0-0 11. Nf3 fxe5 12. fxe5 Nb6 13. Bd2 Bd7 14. Rc1 Rc8 15. Bb1 Nc4 16. Bc3 Bg5 17. Nxg5 Rxf1+ 18. Qxf1 Qxg5 19. Qf4 Qxf4 20. Nxf4 Rf8 21. g3 g6 22. Bd3 Ne3 23. Be2 Rc8 24. Kf2 Nf5 25. Re1 a6 26. g4 Ng7 27. Ke3 Na7 28. Bd3 Nb5 29. Bd2 Na7 30. Nh3 Be8 31. Ng5 Nc6 32. Rf1 a5 33. Rc1 b6 34. Bb5 h6 35. Nh3 Ne7 36. Rxc8 Nxc8 37. Ba6 Ne7 38. Nf4 Kf7 39. Ne2 h5 40. h3 Ba4 41. b3 Bd7 42. Kf4 hxg4 43. hxg4 Ne8 44. Bd3 Kg7 45. Kg5 Nc7 46. a4 Be8 47. Nf4 Bf7 48. Bc3 Be8 49. Bb2 Bf7 50. Ba3 Nc6 51. Ne2 Na7 52. Bd6 Ne8 53. Ba6 Nc6 54. Bc8 Nd8 55. Be7 Nc6 56. Ba3 Nb8 57. Nf4 Nc6 58. Nxe6+ Bxe6 59. Bxe6 Nc7 60. Bd7 Nxd4 61. Bd6 Nce6+ 62. Kh4 Kf7 63. b4 axb4 64. Bxb4 Nf3+ 65. Kg3 Nxe5 66. Bb5 Nd4 67. Bf1 Ke6 68. Kf4 Ndc6 69. Ba3 Na5 70. g5 Nac4 71. Bb4 Nc6 72. Bh3+ Kf7 73. Be1 Nb2 74. Ke3 Ke7 75. Bf1 Kd6 76. Bb5 d4+ 77. Kd2 Na7 78. Be8 Nc6 79. Bg3+ Ne5 80. Bxg6 1-0

[Event "Split MIC op"]
[Site "Split"]
[Date "2007.04.29"]
[Round "2"]
[White "Susovic, Hrvoje"]
[Black "Bobanac, Miro"]
[Result "0-1"]
[WhiteElo "2058"]
[BlackElo "2292"]
[PlyCount "120"]
[EventDate "2007.04.28"]
[EventType "swiss"]
[EventRounds "9"]
[EventCountry "CRO"]
[SourceTitle "EXT 2008"]
[Source "ChessBase"]
[SourceDate "2007.11.25"]
[SourceVersion "1"]
[SourceVersionDate "2007.11.25"]
[SourceQuality "1"]

1. e4 Nf6 2. Nc3 d5 3. e5 d4 4. exf6 dxc3 5. fxg7 cxd2+ 6. Qxd2 Qxd2+ 7. Bxd2 Bxg7 8. 0-0-0 Nd7 9. Re1 b6 10. Bf4 c6 11. Nf3 e6 12. Bd6 Bb7 13. Ng5 Bh6 14. h4 Bf8 15. Bxf8 Kxf8 16. Rd1 Rd8 17. Rh3 h6 18. Rhd3 Bc8 19. Ne4 Ke7 20. R3d2 f5 21. Nd6 Nf6 22. g3 b5 23. c4 bxc4 24. Bg2 Nd5 25. Nxc4 Kf6 26. Na5 Bd7 27. Nb7 Rb8 28. Nc5 Ke7 29. Nd3 Rb5 30. Ne5 Rc8 31. a3 Be8 32. Rc2 Kf6 33. Nc4 Rd8 34. Bf1 Bh5 35. Rdd2 Bf3 36. Ne3 Rbb8 37. Rd4 Nxe3 38. fxe3 Bd5 39. Rc5 Rg8 40. e4 fxe4 41. Rc3 Rb7 42. Rd2 Ke5 43. Re2 Rb3 44. Rxb3 Bxb3 45. Re3 Bd5 46. Kd2 Kd4 47. Be2 Rb8 48. b4 c5 49. b5 c4 50. a4 a6 51. g4 axb5 52. a5 b4 53. Rg3 c3+ 54. Kc1 b3 55. Rg1 e3 56. Rd1+ Ke5 57. Bd3 Be4 58. Bxe4 Kxe4 59. g5 hxg5 60. hxg5 e2 0-1

[Event "Split MIC op"]
[Site "Split"]
[Date "2007.04.28"]
[Round "1"]
[White "Runjic, Bartul"]
[Black "Susovic, Hrvoje"]
[Result "0-1"]
[WhiteElo "1741"]
[BlackElo "2058"]
[PlyCount "100"]
[EventDate "2007.04.28"]
[EventType "swiss"]
[EventRounds "9"]
[EventCountry "CRO"]
[SourceTitle "EXT 2008"]
[Source "ChessBase"]
[SourceDate "2007.11.25"]
[SourceVersion "1"]
[SourceVersionDate "2007.11.25"]
[SourceQuality "1"]

1. e4 e5 2. Nf3 Nc6 3. d4 exd4 4. Bc4 Bb4+ 5. c3 dxc3 6. bxc3 Ba5 7. Qd5 Qe7 8. 0-0 Bb6 9. e5 Na5 10. Bg5 Qe6 11. Qxe6+ dxe6 12. Bb5+ c6 13. Be2 h6 14. Bc1 Bc5 15. Nfd2 f5 16. Bh5+ Kf8 17. Ba3 Be7 18. Bb4 b6 19. Bf3 Ba6 20. Rd1 Rd8 21. Na3 Bb7 22. Nb3 Rxd1+ 23. Rxd1 c5 24. Bxa5 Bxf3 25. gxf3 bxa5 26. Nc4 a4 27. Nba5 h5 28. Nc6 Ke8 29. Nxa7 Nh6 30. Nb6 Nf7 31. f4 g5 32. Nc6 gxf4 33. Rd7 Rg8+ 34. Kf1 Bd8 35. Nxd8 Nxd8 36. Rc7 Nf7 37. Rxc5 f3 38. Nxa4 Rg4 39. Nb2 Ng5 40. Rc4 Ne4 41. Rc8+ Ke7 42. Rh8 Rg2 43. Nd1 Rxh2 44. Rg8 Rh1+ 45. Rg1 Nd2+ 46. Ke1 Rxg1+ 47. Kxd2 Rxd1+ 48. Kxd1 h4 49. Ke1 h3 50. Kf1 h2 0-1

[Event "Epetium op"]
[Site "Stobrec"]
[Date "2006.08.17"]
[Round "5"]
[White "Susovic, Hrvoje"]
[Black "Peric, Davor"]
[Result "1-0"]
[WhiteElo "2060"]
[BlackElo "1963"]
[PlyCount "106"]
[EventDate "2006.08.11"]
[EventType "swiss"]
[EventRounds "7"]
[EventCountry "CRO"]
[SourceTitle "EXT 2007"]
[Source "ChessBase"]
[SourceDate "2006.11.23"]
[SourceVersion "1"]
[SourceVersionDate "2006.11.23"]
[SourceQuality "1"]

1. e4 e5 2. Nf3 Nf6 3. Nc3 Nc6 4. Bb5 Bb4 5. 0-0 0-0 6. Re1 d6 7. a3 Bc5 8. Na4 Bb6 9. c3 Bg4 10. Nxb6 axb6 11. h3 Bh5 12. Bf1 Qe7 13. d3 h6 14. g3 Nh7 15. Bg2 Ng5 16. g4 Nxf3+ 17. Qxf3 Bg6 18. Qg3 f6 19. f4 Be8 20. f5 Na5 21. Be3 Nb3 22. Rad1 Ba4 23. h4 Kf7 24. g5 hxg5 25. hxg5 Rg8 26. Bf3 Kf8 27. Bh5 Be8 28. Be2 Qf7 29. Kf2 Ke7 30. Rg1 Bc6 31. Rh1 Rh8 32. g6 Qg8 33. Rxh8 Qxh8 34. Qg2 Qh4+ 35. Qg3 Qxg3+ 36. Kxg3 Rh8 37. Bf3 Nc5 38. b4 Na4 39. Rc1 b5 40. c4 bxc4 41. dxc4 Kd8 42. c5 dxc5 43. bxc5 Bb5 44. Bd1 Kc8 45. Bb3 c6 46. Be6+ Kc7 47. Rd1 Rd8 48. Rxd8 Kxd8 49. Bh6 Nxc5 50. Ba2 Nxe4+ 51. Kf3 Nd6 52. Bxg7 Ne8 53. Bh6 Ke7 1-0